[Event "GRE-ch U16"]
[Site "Peristeri"]
[Date "2023.07.05"]
[Round "4"]
[White "Tzikeras, Christos"]
[Black "Yannopapas, Leontios"]
[Result "0-1"]
[WhiteElo "1059"]
[BlackElo "1626"]
[PlyCount "120"]
[EventDate "2023.07.03"]
[EventType "swiss"]
[EventRounds "9"]
[EventCountry "GRE"]
[SourceTitle "EXT 2024"]
[Source "ChessBase"]
[SourceDate "2023.10.10"]
[SourceVersion "1"]
[SourceVersionDate "2023.10.10"]
[SourceQuality "1"]

1. e4 c5 2. Nc3 Nc6 3. Nf3 g6 4. Bc4 Bg7 5. d3 e6 6. 0-0 Nge7 7. Re1 0-0 8. Bb5 d5 9. exd5 exd5 10. h3 a6 11. Bxc6 Nxc6 12. Bf4 Be6 13. Rb1 b5 14. Ne2 Qb6 15. c3 d4 16. a3 Rad8 17. Qc2 c4 18. cxd4 cxd3 19. Qc5 Qxc5 20. dxc5 dxe2 21. Rxe2 Bc4 22. Re3 Nd4 23. Be5 Nxf3+ 24. gxf3 Bxe5 25. Rxe5 Rfe8 26. Rbe1 Rxe5 27. Rxe5 Bd5 28. Kg2 Kg7 29. Kg3 Kf6 30. f4 Bc6 31. b4 Rd3+ 32. Re3 Rxe3+ 33. fxe3 Kf5 34. Kf2 Ke4 35. Ke2 f5 36. Kd2 h5 37. h4 Bd5 38. Ke2 Bc4+ 39. Kd2 Kf3 40. c6 Ke4 41. Kc3 Kxe3 42. a4 Be6 43. a5 Ke4 44. c7 Bc8 45. Kd2 Kxf4 46. Kd3 Ke5 47. Ke3 Kd6 48. Kd4 Kxc7 49. Ke5 Kc6 50. Kd4 Kd6 51. Ke3 Ke5 52. Kd3 f4 53. Ke2 Ke4 54. Kf2 f3 55. Ke1 Ke3 56. Kf1 f2 57. Kg2 Ke2 58. Kg3 f1Q 59. Kh2 Qf2+ 60. Kh1 Bb7# 0-1